| 000 | 00367nam a22001457a 4500 | ||
|---|---|---|---|
| 020 | _a8178085658 | ||
| 040 | _cNUST | ||
| 082 | _a621.3815324 HAY | ||
| 100 | _aHaykin, Simon | ||
| 110 |
_aKailath, Thomas _9114134 |
||
| 245 | _aAdaptive Filter Theory: | ||
| 260 |
_aIndia: _bPearson Education, _c2002. |
||
| 650 |
_aAdaptive Filter Theory _963570 |
||
| 942 |
_2ddc _cBK |
||
| 999 |
_c595524 _d595524 |
||